Tides and currents in San Francisco Bay.

Bibliographic Details
Corporate Author: U.S. Coast and Geodetic Survey
Other Authors: Disney, Lindsay Pettit, 1895-, Overshiner, William H., 1893-
Format: Government Document eBook
Language:English
Published: [Washington?] : U.S. Government Printing Office, 1925.
Series:Coast and Geodetic Survey Serial No. 311
Coast and Geodetic Survey Spec. Pub. No. 115
Subjects:
Online Access:Connect to the full text of this electronic document

MARC

Tag First Indicator Second Indicator Subfields
LEADER 00000cam a22000001a 4500
001 in00003700313
005 20190408180533.0
006 m o d f
007 cr bn mmmapmmp
008 040322s1925 dcu o f001 0 eng d
035 |a ebd1910212692 
040 |a UMI  |c UMI  |d UtOrBLW 
086 0 |a C 4.19:115 
099 |a C4.19-115 
245 0 0 |a Tides and currents in San Francisco Bay. 
264 1 |a [Washington?] :  |b U.S. Government Printing Office,  |c 1925. 
300 |a 1 online resource (iv, 121 pages) 
336 |a text  |b txt  |2 rdacontent 
337 |a computer  |b c  |2 rdamedia 
338 |a online resource  |b cr  |2 rdacarrier 
490 0 |a Coast and Geodetic Survey Serial No. 311 
490 0 |a Coast and Geodetic Survey Spec. Pub. No. 115 
500 |a [On general characteristics of tides and tidal currents; with detailed data by location] 
500 |a Includes index 
500 |a Record is based on bibliographic data in ProQuest U.S. Executive Branch Documents, 1910-1932. Reuse except for individual research requires license from ProQuest, LLC. 
533 |a Electronic reproduction.  |b [Bethesda, Md.] :  |c ProQuest,  |d 2012.  |e digital, PDF file.  |n ProQuest U.S. Executive Branch Documents, 1910-1932.  |n Mode of access: World Wide Web via ProQuest website. 
538 |a System requirements: PDF reader software. 
500 |a Electronic resource. 
650 0 |a Tides.  |0 http://id.loc.gov/authorities/subjects/sh85135283 
655 7 |a Electronic books.  |2 local 
700 1 |a Disney, Lindsay Pettit,  |d 1895- 
700 1 |a Overshiner, William H.,  |d 1893- 
710 2 |a U.S. Coast and Geodetic Survey.  |0 http://id.loc.gov/authorities/names/n79066403 
776 1 8 |i Microfiche version:  |t Tides and currents in San Francisco Bay  |o CIS US Exec MF C4.19-115  |w (ProQuest)cis19120450 
856 4 0 |u http://proxy.library.tamu.edu/login?url=http://congressional.proquest.com/congressional/docview/t66.d71.c4.19-115  |z Connect to the full text of this electronic document  |t 0 
999 f f |s 224303ab-2aba-3541-a6d7-484cec92011f  |i 4346c3b6-ff97-382c-8242-8694293611e0  |t 0 
952 f f |a Texas A&M University  |b College Station  |c Electronic Resources  |d Available Online  |t 0  |h No information provided 
998 f f |t 0  |l Available Online